1686 1277 1976 1346 1786 1444 1196 1669 1157 1422 1572 1584 1160 1508 1743 1023 1390 1559 1740 1103 1897 1418 1674 1646 1640 1540 1920 1566 1226 1499 1876 1396 1824 1632 1861 1088 1282 1850 1594 1788 1564 1447 1451 1563 1086 1645 1585 1227 1997 1972 1594 1615 1567 1833 1961 1396 1948 1006 1856 1074 1631 1905 1761 1623 1992 1615 1654 1461 1694 1382 1914 1177 1620 1258 1754 1418 1052 1600 1455 1570 1817 1031 1414 1692 1786 1762 1852 1560 1123 1948 1151 1261 1689 1015 1083 1591 1770 1371 1114 BCNSPRNW ULIB Ver.6.0+V

เปลี่ยนเป็นภาษาไทย

Change to English
 แสดงรายละเอียดบรรณานุกรม
  กลับหน้าหลัก

Brief Record : Get Marc (ISO 2709) : E-mail record : QR code < ปิดหน้าต่าง
LEADER : 00000nam 2200000uu 4500
001    13399108274
003     ULIB
008    110225s2543||||th 000 0 tha d
020    9743354751
060 04  WQ570^bพ221ค 2543
100 0  พนิตย์ จิวะนันทประวัติ
245 10 คู่มือสำหรับคนมีลูกยากและอยากมีลูก (ฉบับปรับปรุงใหม่) /^cพนิตย์ จิวะนันทประวัติ ; [บรรณาธิการ, จุฑามาศ ณ สงขลา,ธามนิธิศ ธนาดุล]
250    พิมพ์ครั้งที่ 1
260    นนทบุรี :^bสนุกอ่าน,^c2543
300    207 หน้า :^bภาพประกอบ ;^c21 ซม.
650  7 ภาวะมีบุตรยาก
650  7 ทารกในหลอดแก้ว
650  7 การผสมเชื้อ
700 0  จุฑามาศ ณ สงขลา
700 0  ธามนิธิศ ธนาดุล
945    ^p180^l0^i013738
945    ^p180^l0^i013737
945    ^p180^l0^i013739
995    ทศพร
999 ^a ใช้งานได้ทุกระบบ
รายการนี้ยังไม่มีแท็ก
คุณยังไม่ได้ล็อกอิน คุณสามารถมีกิจกรรมร่วมกับเว็บไซต์ได้ แต่ต้องล็อกอินก่อน ::
  ล็อกอิน

รายการสื่อสารสนเทศ

ลำดับที่ ประเภท เลขเรียก/บาร์โค้ด สถานที่ สถานะ
- ไม่พบข้อมูล -

รายการใกล้เคียง
    ผู้แต่ง [พนิตย์ จิวะนันทประวัติ]

    หัวเรื่อง [ภาวะมีบุตรยาก]

BibComment


ยังไม่เคยถูกคอมเมนท์

คอมเมนท์ทรัพยากรรายการนี้
  คอมเมนท์: คู่มือสำหรับคนมีล..


 Copyright 2026. Bcnsprnw @Library